[Event "2015 Server Team Ch - Div 2"]
[Site "CCLA"]
[Date "2015.10.30"]
[Round "?"]
[White "Deskin, Gary"]
[Black "Belanoff, Stuart"]
[Result "1/2-1/2"]
[WhiteElo "2128"]
[BlackElo "2201"]
[Board "1"]
[WhiteTeam "Big Red Fuzzy"]
[BlackTeam "Queen & Knights"]

1. d4 Nc6 2. Nf3 d6 3. c4 g6 4. d5 Nb8 5. Nc3 Bg7 6. e4 Nf6 7. Be2 O-O 8. 
O-O a5 9. h3 Na6 10. Bd3 Nd7 11. Bf4 Nac5 12. Bc2 Bxc3 13. bxc3 e5 14. Be3
Qe7 15. Qe2 f6 16. Nh2 a4 17. Rab1 a3 18. Ng4 h5 19. Nh2 Na4 20. Rb3 Nac5 
21. Rb4 b6 22. Nf3 Re8 1/2-1/2

[Event "2015 REGULAR QUAD, S50199"]
[Site "CCLA"]
[Date "2015.05.01"]
[Round "?"]
[White "Metz, Edward"]
[Black "Acosta, Errol"]
[Result "0-1"]
[WhiteElo "1397"]
[BlackElo "1494"]

1. d4 e6 2. Bf4 f5 3. h3 Nf6 4. Nd2 Be7 5. Ngf3 O-O 6. e3 d6 7. Bd3 a5 8. 
a3 Qe8 9. c4 Nbd7 10. b4 b6 11. O-O Bb7 12. Ng5 Bd8 13. Qc2 Qg6 14. g4 
Nxg4 15. hxg4 Bxg5 16. Bg3 Qh6 17. gxf5 Qh1# 0-1

[Event "Summer Series, S50321"]
[Site "CCLA"]
[Date "2015.07.25"]
[Round "?"]
[White "Cangelosi, Dominic"]
[Black "Catania, Duane"]
[Result "0-1"]
[WhiteElo "1419"]
[BlackElo "1642"]

1. d4 e6 2. e3 d5 3. Bd3 c5 4. c3 Nc6 5. f4 Qh4+ 6. g3 Qd8 7. Nf3 Nf6 8. 
Nbd2 Be7 9. O-O O-O 10. Re1 a6 11. Ne5 g6 12. Ndf3 Nh5 13. Ng5 Bxg5 14. 
fxg5 Nxe5 15. dxe5 Qxg5 16. e4 Qxe5 17. Bh6 Re8 18. Qc2 d4 19. Rf1 dxc3 
20. Qf2 Re7 21. g4 cxb2 22. Rab1 Ng7 23. Qxb2 Qxb2 24. Rxb2 b5 25. Rbf2 
Bb7 26. Bg5 Rd7 27. Bc2 a5 28. Bd1 Bxe4 29. Bf3 Bxf3 30. Rxf3 c4 31. h4 b4
32. Rf4 c3 33. Rc4 f5 34. gxf5 Nxf5 35. Rc1 h6 36. Bf6 Kf7 37. Be5 Rad8 
38. Rc7 Nxh4 39. Rf1+ Nf5 40. Rxd7+ Rxd7 41. a3 c2 0-1

[Event "Premier Quad, S50249"]
[Site "CCLA"]
[Date "2015.05.29"]
[Round "?"]
[White "Beavan, Robert"]
[Black "Catania, Duane"]
[Result "1-0"]
[WhiteElo "1969"]
[BlackElo "1684"]

1. d4 e6 2. e3 d5 3. Nd2 Nf6 4. Bd3 c5 5. c3 Nc6 6. f4 Bd7 7. Ngf3 cxd4 8.
 exd4 Bd6 9. Ne5 O-O 10. O-O Rc8 11. g4 Ne8 12. Rf3 f6 13. Rh3 fxe5 14. 
Bxh7+ Kf7 15. fxe5 Bxe5 16. dxe5 Qb6+ 17. Kg2 Nxe5 18. Qe2 Ke7 19. Qxe5 
Qf2+ 20. Kh1 Bc6 21. Nf3 Rxf3 22. Bg5+ Nf6 23. Bh4 Rxh3 24. Bxf2 Rxh7 25. 
Bc5+ Kf7 26. g5 Rh5 27. Rf1 Rg8 28. Rxf6+ gxf6 29. Qxf6+ Ke8 30. Qe7# 1-0

[Event "Summer Series, S50311"]
[Site "CCLA"]
[Date "2015.07.25"]
[Round "?"]
[White "Blankenship, Jerry T."]
[Black "Disque, Philip"]
[Result "0-1"]
[WhiteElo "1527"]
[BlackElo "1614"]

1. d4 e6 2. c4 Bb4+ 3. Nc3 c5 4. a3 Bxc3+ 5. bxc3 Nc6 6. Nf3 f5 7. d5 Na5 
8. Qa4 Ke7 9. Bg5+ Nf6 10. e3 d6 11. Bd3 h6 12. Bxf6+ Kxf6 13. Qc2 Qe8 14.
 O-O e5 15. e4 f4 16. h3 g5 17. g3 Bxh3 18. Rfe1 Bd7 19. a4 Bg4 20. Kg2 
Bxf3+ 21. Kxf3 Qh5+ 0-1

[Event "PREMIER QUAD, S50209"]
[Site "CCLA"]
[Date "2015.05.01"]
[Round "?"]
[White "Pronovost, David"]
[Black "Hayward, Clark W."]
[Result "1-0"]
[WhiteElo "1865"]
[BlackElo "1909"]

1. c4 g6 2. d4 Bg7 3. Nf3 c5 4. d5 d6 5. e4 Nd7 6. Bd2 Bxb2 7. Nc3 Bxa1 8.
 Qxa1 Ne5 9. Nxe5 dxe5 10. Be2 e6 11. Na4 Qc7 12. f4 Nf6 13. Nxc5 exd5 14.
 cxd5 Qxc5 15. Qxe5+ Qe7 16. Bc3 Qxe5 17. Bxe5 Nxd5 18. exd5 O-O 19. Kf2 
Bd7 20. Rb1 b6 21. Kf3 Rac8 22. Rb2 Rc5 23. Rd2 h5 24. h3 f6 25. Bd4 Rc1 
26. Bb2 Rc7 27. g4 h4 28. Bd1 Kf7 29. Bb3 Ke8 30. d6 Rc5 31. f5 g5 32. 
Re2+ Kd8 33. Re6 Bc6+ 34. Ke3 Kd7 35. Bxf6 Bd5 36. Bxd5 Rxd5 37. Bxg5 Ra5 
38. Bxh4 Rh8 39. Be7 Rxh3+ 40. Kf4 Rxa2 41. Kg5 Ra4 42. Bf8 Rg3 43. Re7+ 
Kc8 44. f6 Rgxg4+ 45. Kf5 Raf4+ 46. Ke6 Re4+ 47. Kf7 Rd4 48. Rxa7 1-0

[Event "2015  Server Team - Div 3, S53999"]
[Site "CCLA"]
[Date "2015.10.30"]
[Round "?"]
[White "Douglass, Paul"]
[Black "Kircher, Caleb"]
[Result "1-0"]
[WhiteElo "1821"]
[BlackElo "1926"]
[Board "1"]
[WhiteTeam "BCCA Bishops"]
[BlackTeam "Idaho Mountaineers"]

1. c4 g6 2. Nc3 Bg7 3. d4 c5 4. e3 d6 5. dxc5 dxc5 6. Qxd8+ Kxd8 7. Nf3 
Bxc3+ 8. bxc3 Nf6 9. Bd3 Nc6 10. Ng5 Ke8 11. O-O h6 12. Ne4 Nxe4 13. Bxe4 
Na5 14. Bd5 e6 15. Bf3 Nxc4 16. Rb1 Rb8 17. Be2 Nb6 18. Ba3 Nd7 19. Bb5 a6
20. Bxd7+ Kxd7 21. Bxc5 Kc6 22. Bd4 Rd8 23. Rb6+ Kc7 24. Rfb1 Ra8 25. Be5+
Kd7 26. Bf6 Re8 27. a4 a5 28. g3 Ra6 29. R6b5 Kc6 30. c4 e5 31. Bxe5 Bf5 
32. Rd1 Re6 33. f3 f6 34. Bd4 Bc2 35. Ra1 b6 36. Rb2 Bd3 37. Rd1 Bxc4 38. 
Rc2 b5 39. axb5+ 1-0

[Event "Summer Series, S50321"]
[Site "CCLA"]
[Date "2015.07.25"]
[Round "?"]
[White "Cangelosi, Dominic"]
[Black "Graupera, Carlos"]
[Result "0-1"]
[WhiteElo "1419"]
[BlackElo "1466"]

1. d4 d6 2. e3 Nf6 3. Bd3 c6 4. f4 Qc7 5. Nf3 Nbd7 6. O-O e5 7. Ng5 Be7 8.
 fxe5 dxe5 9. Nxf7 Kxf7 10. c3 Nb6 11. Qb3+ Be6 12. Qd1 Rhf8 13. Bxh7 Rh8 
14. Qc2 Ke8 15. Bf5 Bxf5 16. Qxf5 exd4 17. exd4 Qxh2+ 18. Kf2 Qh4+ 19. Ke3
Nbd5+ 20. Kd3 Qg3+ 21. Kc2 Rh2 22. Rg1 Ne3+ 0-1

[Event "Winter Series, S50011"]
[Site "CCLA"]
[Date "2015.01.28"]
[Round "?"]
[White "Owens, Johnny"]
[Black "Quirk, Michael"]
[Result "1-0"]
[WhiteElo "2159"]
[BlackElo "2159"]

1. d4 g6 2. Nf3 Bg7 3. Bf4 d6 4. e3 Nf6 5. Nc3 O-O 6. Bd3 Nbd7 7. h3 c5 8.
 O-O a6 9. a4 Qc7 10. Qe2 Re8 11. Bc4 cxd4 12. exd4 e5 13. Ng5 Re7 14. Ba2
Nb8 15. dxe5 dxe5 16. Bh2 Nc6 17. Rad1 Bf5 18. Nxf7 Rxf7 19. g4 Bd7 20. 
Bxf7+ Kxf7 21. f4 Qb6+ 22. Rf2 e4 23. Nxe4 Be8 24. Nd6+ Kf8 25. f5 g5 26. 
Re1 Qd8 27. Nxb7 Qd5 28. c4 Qf7 29. Nd6 Qa7 30. Qd2 Nd4 31. Kf1 Bxa4 32. 
Be5 Nc2 33. Qc3 Nxe1 34. Bxf6 Nc2 35. Bxg7+ Qxg7 36. f6 Qa7 37. c5 Re8 38.
 Nxe8 Qa8 39. Nd6 Qd5 40. Rxc2 Qd1+ 41. Kf2 Qxc2+ 42. Qxc2 Bxc2 43. c6 1-0

[Event "2015 Server Team Ch - Div 1, S51999"]
[Site "CCLA"]
[Date "2015.10.30"]
[Round "?"]
[White "Gleyzer, Leonid"]
[Black "O'Connell, Chris"]
[Result "1-0"]
[WhiteElo "2322"]
[BlackElo "2399"]
[Board "1"]
[WhiteTeam "Paul Morphy's Hair"]
[BlackTeam "Pennsylvania Keystones"]

1. d4 d6 2. Nf3 Bg4 3. Nbd2 Nd7 4. e4 Ngf6 5. Bd3 e5 6. c3 c6 7. h3 Bh5 8.
 O-O Be7 9. Re1 O-O 10. Nf1 Re8 11. Ng3 Bg6 12. a4 Bf8 13. dxe5 dxe5 14. 
Bc2 a5 15. Nh4 Nc5 16. Qf3 Qc7 17. Be3 Ne6 18. Red1 Red8 19. Nxg6 hxg6 20.
 Nf1 Bc5 21. Bb3 Bxe3 22. Qxe3 Rxd1 23. Rxd1 Qe7 24. Nd2 Nc5 25. Bc2 Rd8 
26. Ra1 b6 27. Nf3 Qc7 28. g3 Nb7 29. Qe2 Rc8 30. Rd1 c5 31. Nd2 c4 32. 
Nf1 Qc6 33. Ne3 Nd6 34. f3 Rc7 35. h4 Rd7 36. Rd2 Qc8 37. Kf1 Qc5 38. g4 
Qc6 39. Ke1 Kf8 40. Kd1 Re7 41. Kc1 Re6 42. Rd1 Qc5 43. Kb1 Kg8 44. Ka1 
Qc6 45. Qd2 Qc5 46. Rh1 b5 47. g5 Nh5 48. Nd5 Nf4 49. Nxf4 exf4 50. axb5 
Qxb5 51. Rd1 Nb7 52. Qd7 Qxd7 53. Rxd7 Nc5 54. Rd5 Rc6 55. Rd8+ Kh7 56. 
Ra8 f6 57. Rxa5 Rc8 58. Kb1 Kg8 59. e5 Nb3 60. Rd5 fxg5 61. hxg5 Kf7 62. 
Bxb3 cxb3 63. Rb5 Rd8 64. Rxb3 Rd3 65. Rb7+ Ke6 66. Rxg7 Kxe5 67. Rxg6 1-0

[Event "2015  Server Team - Div 3, S53999"]
[Site "CCLA"]
[Date "2015.10.30"]
[Round "?"]
[White "Ritzmann, Andrew M."]
[Black "Stetson, Micah P."]
[Result "0-1"]
[WhiteElo "1333"]
[BlackElo "1403"]
[Board "5"]
[WhiteTeam "Knights of the Square Table"]
[BlackTeam "Canadian Snowbirds"]

1. d4 d6 2. Nf3 Bg4 3. c4 Bxf3 4. exf3 c6 5. Nc3 g6 6. Be3 Bg7 7. Be2 Nf6 
8. d5 Nbd7 9. O-O O-O 10. Qd2 Qc7 11. Rac1 c5 12. Nb5 Qb6 13. Bh6 e5 14. 
b3 Rfe8 15. a4 a6 16. Bg5 axb5 17. cxb5 Qa5 18. Qe3 Nb6 19. Bxf6 Bxf6 20. 
Qh6 Qb4 21. Rb1 Nxd5 22. Bc4 Nc3 23. Rb2 Nxa4 24. Rd2 Red8 25. Rc1 Nb6 26.
 h3 d5 27. Bxd5 Nxd5 28. g3 Nc3 29. Kg2 Rxd2 30. Qxd2 Na2 31. Qxb4 cxb4 
0-1

[Event "Summer Series, S50341"]
[Site "CCLA"]
[Date "2015.07.25"]
[Round "?"]
[White "Cain, Larry F."]
[Black "Stetson, Micah P."]
[Result "0-1"]
[WhiteElo "1353"]
[BlackElo "1403"]

1. Nf3 d6 2. d4 Bg4 3. c4 Bxf3 4. exf3 c6 5. b4 g6 6. Bb2 Bg7 7. Nc3 Nf6 
8. Be2 O-O 9. Rb1 d5 10. c5 b5 11. a3 a5 12. O-O axb4 13. axb4 Nbd7 14. 
Qd3 Re8 15. Rfe1 Qc7 16. Ra1 e5 17. Rxa8 Rxa8 18. Ra1 Re8 19. h3 e4 20. 
fxe4 Nxe4 21. Nxe4 Rxe4 22. Bf3 Rh4 23. Ra8+ Nf8 24. Bc3 Qe7 25. Bd2 Rxd4 
26. Qc2 Rc4 27. Qb3 Qf6 28. Re8 Qh4 29. Be2 Re4 30. Kf1 Rxe8 31. Be3 Bd4 
32. Bxd4 Qxd4 33. Bf3 Qc4+ 34. Qxc4 bxc4 35. Bd1 Nd7 36. Be2 c3 37. Bd1 d4
38. Bc2 Ne5 39. Ke1 Nd3+ 0-1

[Event "Summer Series, S50341"]
[Site "CCLA"]
[Date "2015.07.25"]
[Round "?"]
[White "Leber, David"]
[Black "Stetson, Micah P."]
[Result "0-1"]
[WhiteElo "1311"]
[BlackElo "1403"]

1. d4 d6 2. c4 e5 3. d5 f5 4. Nf3 e4 5. Nd4 c5 6. Nb5 Nf6 7. Bg5 Be7 8. 
Bf4 O-O 9. e3 a6 10. N5c3 Nbd7 11. Be2 Nb6 12. O-O Bd7 13. a3 a5 14. a4 
Be8 15. b3 Nbd7 16. Nb5 Nb8 17. N1c3 Bxb5 18. axb5 Nbd7 19. Qb1 Re8 20. 
Re1 Bf8 21. Bg5 h6 22. Bh4 g5 23. Bg3 b6 24. Qc2 Qe7 25. Na4 Bg7 26. Qd1 
Rab8 27. Rf1 f4 28. exf4 gxf4 29. Bxf4 Nh5 30. Bxh5 Rf8 31. Bxh6 Bxh6 32. 
Re1 e3 33. f3 Bg7 34. Ra2 Bd4 35. Kh1 Qh4 36. Bg4 Nf6 37. Be6+ Kg7 38. 
Rae2 Nh5 39. Bg4 Ng3+ 40. Kg1 Rh8 41. Rc2 Qxh2# 0-1

[Event "2015 REGULAR QUAD, S50149"]
[Site "CCLA"]
[Date "2015.04.10"]
[Round "?"]
[White "Stevenson, Wayne"]
[Black "Godinez, Doug"]
[Result "1-0"]
[WhiteElo "1702"]
[BlackElo "1392"]

1. d4 Nf6 2. Nf3 c5 3. d5 e6 4. Nc3 exd5 5. Nxd5 Nxd5 6. Qxd5 Nc6 7. e4 d6
8. Ng5 Qe7 9. Be3 f6 10. Bb5 Bd7 11. Nf3 a6 12. Bd3 Be6 13. Qh5+ g6 14. 
Qh4 h5 15. Qg3 g5 16. h4 g4 17. Nd2 O-O-O 18. O-O Bh6 19. Bxh6 Rxh6 20. a3
Qd7 21. b4 cxb4 22. axb4 Nxb4 23. Qf4 Qg7 24. Be2 Kb8 25. Rfb1 Nxc2 26. 
Rxa6 Nd4 27. Bd3 Rh7 28. Qe3 Nf3+ 29. Nxf3 gxf3 30. Qa7+ Kc8 31. Rc6+ Kd7 
32. Rxb7+ Ke8 33. Rxg7 1-0

[Event "2015 NA Class C-Rd1 Sect 1, S50091"]
[Site "CCLA"]
[Date "2015.04.27"]
[Round "?"]
[White "Smiley, William R."]
[Black "Simonson, Jay"]
[Result "1-0"]
[WhiteElo "1587"]
[BlackElo "1359"]

1. e4 c5 2. Nf3 g6 3. d4 Bg7 4. d5 d6 5. h3 Nf6 6. Nbd2 e6 7. c4 O-O 8. 
Bd3 exd5 9. cxd5 Nh5 10. O-O Nf4 11. Nc4 b5 12. Bxf4 bxc4 13. Bxc4 Bxb2 
14. Rb1 Bg7 15. Qd2 Nd7 16. Bxd6 Re8 17. Rfe1 Nb6 18. Bb5 Bd7 19. Bxd7 
Qxd7 20. Bxc5 Nc4 21. Qd3 Ne5 22. Nxe5 Bxe5 23. Be3 Bc7 24. Bd4 Qe7 25. 
Kf1 Ba5 26. Re2 Qg5 27. Qe3 Qxe3 28. Rxe3 Bd2 29. Rd3 Ba5 30. e5 1-0

[Event "2015 NA Class C-Rd1 Sect 1, S50091"]
[Site "CCLA"]
[Date "2015.04.27"]
[Round "?"]
[White "Simonson, Jay"]
[Black "Taylor, Bobby C."]
[Result "0-1"]
[WhiteElo "1359"]
[BlackElo "1575"]

1. d4 Nf6 2. b3 d5 3. Bb2 c6 4. Nc3 Bf5 5. Nf3 e6 6. e3 Bb4 7. a3 Bxc3+ 8.
 Bxc3 Ne4 9. Bb4 a5 10. Bd2 Nxd2 11. Qxd2 Nd7 12. O-O-O Qe7 13. g3 Be4 14.
 Bg2 Nf6 15. Rhg1 Qxa3+ 16. Kb1 Qxb3+ 17. Kc1 Qa3+ 18. Kb1 Ra6 0-1

[Event "Summer Series, S50331"]
[Site "CCLA"]
[Date "2015.07.25"]
[Round "?"]
[White "McLaughlin, Ed"]
[Black "Anderson, Lawrence D."]
[Result "1-0"]
[WhiteElo "1507"]
[BlackElo "1435"]

1. d4 Nf6 2. b3 g6 3. Bb2 Bg7 4. Nd2 d5 5. e3 O-O 6. c4 e6 7. Ngf3 Bd7 8. 
Ne5 b6 9. Rc1 Nc6 10. cxd5 exd5 11. Nxc6 Bxc6 12. Rxc6 Qd7 13. Rc2 Rac8 
14. Ba6 Rcd8 15. a4 c6 16. O-O Qf5 17. Rxc6 Rd7 18. Nf3 Ne4 19. Bc8 1-0

[Event "2015 NA Class C Ch - Rd 1 Sect 2, S50101"]
[Site "CCLA"]
[Date "2015.04.27"]
[Round "?"]
[White "Cangelosi, Dominic"]
[Black "Klimushyn, Charles"]
[Result "1-0"]
[WhiteElo "1441"]
[BlackElo "1156"]

1. d4 Nf6 2. e3 e6 3. Bd3 c5 4. c3 d5 5. Nd2 Be7 6. f4 b6 7. Ngf3 O-O 8. 
Ne5 Bb7 9. Ndf3 Ne4 10. Nd2 f6 11. Nef3 cxd4 12. Nxd4 Nc6 13. Nxe6 Qe8 14.
 Nxf8 Qxf8 15. Nxe4 dxe4 16. Qb3+ Kh8 17. Bxe4 Re8 18. Qd1 1-0

[Event "2015 REGULAR QUAD, S50199"]
[Site "CCLA"]
[Date "2015.05.01"]
[Round "?"]
[White "Cangelosi, Dominic"]
[Black "Acosta, Errol"]
[Result "0-1"]
[WhiteElo "1419"]
[BlackElo "1494"]

1. d4 e6 2. e3 Nf6 3. Bd3 g6 4. f4 Bg7 5. Nf3 O-O 6. O-O Nc6 7. c4 Ne7 8. 
Nc3 a6 9. Re1 c6 10. e4 h6 11. e5 Nh7 12. Ne4 f5 13. exf6 Nxf6 14. Nd6 Nf5
15. Nxf5 exf5 16. Nh4 Kh7 17. Qf3 Ne4 18. Qh3 Bxd4+ 19. Be3 Bxb2 20. Rab1 
Bf6 21. g3 d5 22. Red1 Nc3 23. Bxf5 Bxh4 24. Bxc8 Nxd1 25. Rxd1 Rxc8 26. 
gxh4 Rf5 27. Qg4 Qe7 28. Bf2 Rcf8 29. Bg3 Qe3+ 30. Kg2 d4 31. Re1 Qd2+ 32.
 Kh3 Qxa2 33. Re7+ R8f7 34. Re6 Rg7 0-1

[Event "Summer Series, S50321"]
[Site "CCLA"]
[Date "2015.07.25"]
[Round "?"]
[White "Cangelosi, Dominic"]
[Black "Wright, John"]
[Result "0-1"]
[WhiteElo "1419"]
[BlackElo "1642"]

1. d4 Nf6 2. e3 g6 3. Bd3 Bg7 4. c3 O-O 5. f4 d6 6. Nf3 Nbd7 7. O-O e5 8. 
fxe5 dxe5 9. dxe5 Ng4 10. h3 Ngxe5 11. Nxe5 Nxe5 12. Bc2 Qe7 13. Nd2 Be6 
14. Nf3 Bc4 15. Rf2 Rad8 16. Qe1 Nd3 17. Bxd3 Rxd3 18. Nd4 c5 19. b3 cxd4 
20. bxc4 dxe3 21. Rc2 Qc5 22. Qe2 Rfd8 23. Bb2 Rd2 24. Rxd2 Rxd2 25. Qxd2 
exd2+ 0-1

[Event "Summer Series, S50321"]
[Site "CCLA"]
[Date "2015.07.25"]
[Round "?"]
[White "Cangelosi, Dominic"]
[Black "Perry, William E."]
[Result "1-0"]
[WhiteElo "1419"]
[BlackElo "1440"]

1. d4 Nf6 2. e3 c5 3. c3 e6 4. Bd3 d5 5. f4 c4 6. Bc2 Be7 7. Nf3 Nc6 8. 
Nbd2 O-O 9. O-O b5 10. b4 a5 11. a3 axb4 12. cxb4 Nxb4 13. Bb1 c3 14. Nb3 
c2 15. Bxc2 Nxc2 16. Qxc2 Bd7 17. Ne5 Rc8 18. Nc5 Bxc5 19. dxc5 Ne4 20. 
Nxd7 Qxd7 21. Rd1 Nxc5 22. Qe2 Ne4 23. Qg4 Rc2 24. Re1 Rfc8 25. Rb1 f5 26.
 Qf3 Nd2 27. Bxd2 Rxd2 28. Qf1 Rcc2 29. Rec1 Rxg2+ 30. Qxg2 Rxg2+ 31. Kxg2
Kf7 32. Rc5 Kf6 33. Rcxb5 d4 34. Re5 dxe3 35. Rxe3 Qd2+ 36. Kf3 Qxh2 37. 
Rb6 Qh5+ 38. Kf2 Qh4+ 39. Kf3 Qh5+ 40. Kf2 Qf7 41. a4 h5 42. a5 h4 43. a6 
h3 44. a7 h2 45. a8=Q h1=Q 46. Rexe6+ Qxe6 47. Rxe6+ Kxe6 48. Qxh1 1-0

[Event "2015 NA Server Ch (CCLA Rules), S50169"]
[Site "CCLA"]
[Date "2015.04.27"]
[Round "?"]
[White "Sereni, Vincent T."]
[Black "Young III, William C."]
[Result "1/2-1/2"]
[WhiteElo "2123"]
[BlackElo "2075"]

1. d4 Nf6 2. Nc3 e6 3. Nf3 d5 4. g3 c5 5. Bg2 Nc6 6. O-O Be7 7. dxc5 Bxc5 
8. a3 O-O 9. Bf4 h6 10. Ne5 Bd6 11. Nxc6 bxc6 12. Bxd6 Qxd6 13. e4 Rb8 14.
 Re1 Nd7 15. b3 Rd8 16. Qe2 d4 17. e5 Qe7 18. Nb1 Nb6 19. Bxc6 Qc5 20. Be4
Bb7 21. b4 Qc7 22. Bxb7 Rxb7 23. Nd2 Rd5 24. Qd3 Na4 25. Nc4 Nc3 26. Nd6 
Rb6 27. f4 Nb5 28. Ne4 Nc3 29. Nd6 Nb5 1/2-1/2

[Event "2015 Server Team Champ - Div 4, S54999"]
[Site "CCLA"]
[Date "2015.10.28"]
[Round "?"]
[White "Lines, Daniel"]
[Black "Rodman, Joseph"]
[Result "0-1"]
[WhiteElo "1415"]
[BlackElo "1720"]
[Board "1"]
[WhiteTeam "Pennsylvania Duck Patrol"]
[BlackTeam "Pawntastics"]

1. d4 Nf6 2. Nc3 e6 3. Nf3 Bb4 4. Bd2 c5 5. e3 Nc6 6. Bb5 a6 7. Bxc6 dxc6 
8. a3 Bxc3 9. Bxc3 Ne4 10. Qd3 Nxc3 11. Qxc3 cxd4 12. Qxd4 Qxd4 13. Nxd4 
e5 14. Nb3 b6 15. O-O Be6 16. Nd2 O-O-O 17. Rfd1 f6 18. Ne4 Kc7 19. c3 Bb3
20. Rd2 Bd5 21. Ng3 g6 22. e4 Bb3 23. Nf1 Rd6 24. Rxd6 Kxd6 25. Re1 Kc7 
26. Re2 Rd8 27. Rd2 Rd6 28. Rxd6 Kxd6 29. Nd2 Bf7 30. Kf1 c5 31. b4 Kc6 
32. a4 cxb4 33. cxb4 a5 34. bxa5 bxa5 35. Ke2 Kc5 36. Kd3 Kb4 0-1

[Event "2015 REGULAR QUAD, S50389"]
[Site "CCLA"]
[Date "2015.09.16"]
[Round "?"]
[White "Laaman, Thomas"]
[Black "Howard, Christopher"]
[Result "0-1"]
[WhiteElo "1648"]
[BlackElo "1503"]

1. d4 Nf6 2. Nc3 c5 3. dxc5 e6 4. b4 a5 5. Ba3 axb4 6. Bxb4 Nc6 7. a3 b6 
8. cxb6 Nxb4 9. axb4 Bxb4 10. Rxa8 Bxc3+ 11. Qd2 Bxd2+ 12. Kxd2 Ne4+ 13. 
Ke1 Nc5 14. e3 O-O 15. Ba6 Nxa6 16. b7 Qa5+ 0-1

[Event "Premier Quad, S50079"]
[Site "CCLA"]
[Date "2015.03.04"]
[Round "?"]
[White "Beavan, Robert"]
[Black "Vaughan, James"]
[Result "1/2-1/2"]
[WhiteElo "1969"]
[BlackElo "2296"]

1. d4 Nf6 2. Bf4 e6 3. e3 c5 4. c3 Be7 5. dxc5 Bxc5 6. Nf3 O-O 7. Bd3 b6 
8. O-O Bb7 9. Nbd2 d5 10. Nb3 Be7 11. Qc2 Nbd7 12. Rfd1 a6 13. h3 g6 14. 
Nbd2 Rc8 15. e4 Nc5 16. e5 Nfd7 17. Nb3 Qc7 18. Nxc5 bxc5 19. Qd2 a5 20. 
Bb5 Rfd8 21. a4 c4 22. Bg5 Nc5 23. Qf4 Rb8 24. Bxe7 Qxe7 25. Nd4 Qc7 26. 
Rab1 Ba6 27. Bxa6 Nxa6 28. Nb5 Rxb5 29. axb5 Nc5 30. h4 Rb8 31. b4 cxb3 
32. c4 a4 33. cxd5 Rxb5 34. d6 Qd7 35. Qc1 h5 36. Qa3 Qa7 37. d7 Nxd7 38. 
Qe7 Rb7 39. Qe8+ Kg7 40. Rbc1 Rc7 41. Rxc7 Qxc7 42. Rxd7 Qc1+ 43. Kh2 Qf4+
44. Kg1 b2 45. Rb7 a3 46. Rb8 Qc1+ 47. Kh2 Qf4+ 48. Kg1 Qc1+ 49. Kh2 Qf4+ 
50. Kg1 1/2-1/2

[Event "2015 NA Class D Ch - Rd 1 Sect 2, S50121"]
[Site "CCLA"]
[Date "2015.04.27"]
[Round "?"]
[White "Cain, Larry F."]
[Black "Anderson, Lawrence D."]
[Result "1-0"]
[WhiteElo "1325"]
[BlackElo "1435"]

1. d4 Nf6 2. g3 c5 3. d5 b5 4. Bg2 Bb7 5. e4 e6 6. Ne2 d6 7. Bg5 exd5 8. 
exd5 Be7 9. O-O O-O 10. Nf4 Nbd7 11. a3 h6 12. Bxf6 Bxf6 13. Ra2 Bd4 14. 
c3 Be5 15. Qc1 Nf6 16. Qe3 Bxf4 17. Qxf4 Re8 18. c4 Ba6 19. b3 Qb6 20. Nc3
Re7 21. Qf5 Rae8 22. Raa1 Re5 23. Qc2 bxc4 24. bxc4 Bxc4 25. Rfb1 Qc7 26. 
Rd1 1-0

[Event "2015 NA Class B Ch Finals, S50189"]
[Site "CCLA"]
[Date "2015.04.27"]
[Round "?"]
[White "Capuzzi, Gabriele"]
[Black "Avery, Bryce"]
[Result "1-0"]
[WhiteElo "1617"]
[BlackElo "1668"]

1. d4 Nf6 2. Bg5 h6 3. Bxf6 exf6 4. e3 d5 5. Bd3 Nc6 6. c3 Bd6 7. Nd2 O-O 
8. Ngf3 Qe7 9. Qc2 Re8 10. O-O Bd7 11. e4 dxe4 12. Bxe4 Rad8 13. Rfe1 Qf8 
14. Nc4 Bf4 15. g3 Bg5 16. h4 f5 17. Bxf5 Bxf5 18. Qxf5 Bf6 19. Qb5 Rb8 
20. Nce5 Bxe5 21. Nxe5 Nxe5 22. Rxe5 Rxe5 23. Qxe5 Qd6 24. Re1 Qxe5 25. 
Rxe5 Kf8 26. f4 g6 27. Kf2 h5 28. Ke3 Rd8 29. b3 Rd6 30. c4 Ra6 31. a4 Rb6
32. Rb5 Re6+ 33. Kd3 b6 34. Re5 Rf6 35. b4 Rd6 36. c5 Rf6 37. Kc4 1-0

[Event "Summer Series, S50331"]
[Site "CCLA"]
[Date "2015.07.25"]
[Round "?"]
[White "Nurmi, Ronald"]
[Black "McLaughlin, Ed"]
[Result "1/2-1/2"]
[WhiteElo "1469"]
[BlackElo "1507"]

1. d4 Nf6 2. Bg5 g6 3. Bxf6 exf6 4. e3 d5 5. c4 Be6 6. cxd5 Bxd5 7. Nc3 
Bb4 8. Nf3 O-O 9. Be2 Nd7 10. O-O c6 11. Nxd5 cxd5 12. Rc1 Bd6 13. a3 f5 
14. Qb3 Nb6 15. Rc2 Kg7 16. Qd3 f6 17. Rfc1 Qd7 18. Qd2 Rfc8 19. g3 Rxc2 
20. Rxc2 Rc8 21. Kg2 Rxc2 22. Qxc2 Nc4 23. Bxc4 dxc4 24. Qxc4 b5 25. Qe2 
a5 26. Ne1 b4 27. axb4 axb4 28. b3 Qc6+ 29. Kg1 Qc3 30. Qd1 g5 31. Kf1 h5 
32. Qc2 f4 33. Qxc3 bxc3 34. exf4 gxf4 35. Ke2 fxg3 36. hxg3 Ba3 37. Nc2 
Bc1 38. Kf3 Kf7 39. Ke4 Ke6 40. Kf3 f5 41. Ke2 1/2-1/2

[Event "2015  Server Team - Div 3, S53999"]
[Site "CCLA"]
[Date "2015.10.30"]
[Round "?"]
[White "Gosling, David C."]
[Black "Ritzmann, Andrew M."]
[Result "1-0"]
[WhiteElo "1500"]
[BlackElo "1333"]
[Board "5"]
[WhiteTeam "BCCA Bishops"]
[BlackTeam "Knights of the Square Table"]

1. d4 Nf6 2. Bg5 e6 3. e4 h6 4. Bh4 g5 5. e5 gxh4 6. exf6 Qxf6 7. c3 Bg7 
8. Nf3 b6 9. Be2 Bb7 10. O-O O-O 11. Na3 a6 12. Ne5 Qg5 13. Bf3 Bxf3 14. 
Qxf3 Bxe5 15. dxe5 Qxe5 16. Qxa8 Nc6 17. Qxa6 f5 18. f4 Qe3+ 19. Kh1 Kh7 
20. Rf3 Qd2 21. Nc4 Qe2 22. Rb1 Rg8 23. Rg1 d5 24. Qb7 Qxc4 25. Qxc7+ Kh8 
26. Qxb6 Rb8 27. Qf2 Qxa2 28. Qxh4 Kh7 29. Rh3 Kg7 30. Qxh6+ Kf7 31. Qh7+ 
Ke8 32. Qg8+ Kd7 33. Rh7+ Ne7 34. Qxb8 Qc4 35. Qa7+ Kc6 36. Rxe7 Qxf4 37. 
Qb7+ Kc5 38. Rxe6 1-0

[Event "Premier Quad, S50289"]
[Site "CCLA"]
[Date "2015.07.20"]
[Round "?"]
[White "Capuzzi, Gabriele"]
[Black "Disque, Philip"]
[Result "0-1"]
[WhiteElo "1615"]
[BlackElo "1614"]

1. d4 Nf6 2. Bg5 e6 3. e4 h6 4. Bxf6 Qxf6 5. c3 d5 6. e5 Qd8 7. Nf3 c5 8. 
dxc5 Bxc5 9. Bd3 O-O 10. O-O f6 11. Qe2 Nc6 12. Re1 fxe5 13. Nbd2 e4 14. 
Nxe4 dxe4 15. Qxe4 Qf6 16. Re2 Qf5 17. Qc4 Qd5 18. Rae1 Qxc4 19. Bxc4 Rf6 
20. b4 Bb6 21. Bxe6+ Bxe6 22. Rxe6 Rxe6 23. Rxe6 Kf7 24. Re2 Rd8 25. g3 
Rd3 26. b5 Rxf3 27. bxc6 bxc6 28. c4 Rc3 0-1

[Event "Winter Series, S50051"]
[Site "CCLA"]
[Date "2015.01.28"]
[Round "?"]
[White "Nurmi, Ronald"]
[Black "Howard, Christopher"]
[Result "0-1"]
[WhiteElo "1458"]
[BlackElo "1520"]

1. d4 Nf6 2. Bg5 e6 3. e4 h6 4. Bxf6 Qxf6 5. c3 c5 6. Nf3 cxd4 7. cxd4 
Bb4+ 8. Nc3 Nc6 9. e5 Qd8 10. Bd3 d6 11. exd6 Qxd6 12. O-O O-O 13. a3 Ba5 
14. b4 Bb6 15. d5 Nd4 16. dxe6 Bxe6 17. Rc1 Rad8 18. Nxd4 Qxd4 19. Bb1 Bc4
20. Qxd4 Rxd4 21. Rfe1 Be6 22. Be4 Rd2 23. Re2 Rxe2 24. Nxe2 Rc8 25. Bxb7 
Rxc1+ 26. Nxc1 Bc4 27. Be4 Bd4 28. Nd3 Kf8 29. Nc5 Ke7 30. g3 Kd6 31. Nd3 
Bd5 32. Bf5 Kc6 33. Kf1 Kb5 34. Bd7+ Bc6 35. a4+ Kb6 36. a5+ Kb5 37. Bxc6+
Kxc6 38. Ke2 Bc3 0-1

[Event "Summer Series, S50301"]
[Site "CCLA"]
[Date "2015.07.25"]
[Round "?"]
[White "Stevens, Daniel L."]
[Black "Shannon, Paul D."]
[Result "1/2-1/2"]
[WhiteElo "1779"]
[BlackElo "1865"]

1. d4 Nf6 2. Bg5 e6 3. e4 h6 4. Bxf6 Qxf6 5. Nc3 Bb4 6. Qd2 O-O 7. Nf3 c5 
8. O-O-O cxd4 9. Nxd4 Nc6 10. Qe3 Nxd4 11. e5 Nf5 12. exf6 Nxe3 13. fxg7 
Kxg7 14. fxe3 Bxc3 15. bxc3 Rd8 16. Rd6 Kf6 17. Be2 b6 18. Bf3 Rb8 19. 
Rhd1 Ke7 20. Bc6 b5 21. Bf3 Bb7 22. e4 1/2-1/2